All foreign players Dundee FC - Statistics

General Stats
  • This quiz has been taken 22 times
  • The average score is 33 of 117
Answer Stats
Hint Answer % Correct
Jesse Curran
71%
Claudio Caniggia
57%
Glen Kamara
57%
Juan Portales
57%
Luka Tankulić
57%
Marcus Haber
57%
Alassane Mendy
43%
Amadou Bakayoko
43%
Andreas Hadenius
43%
Benjamin Källman
43%
Brent Sancho
43%
Chris Poźniak
43%
Dariusz Adamczuk
43%
Elton N'Gwatala
43%
Fabián Caballero
43%
Giorgi Nemsadze
43%
Henrik Ojamaa
43%
Javier Artero
43%
Jay Chapman
43%
Kharl Madianga
43%
Kostadin Gadzhalov
43%
Martin Boyle
43%
Nacho Novo
43%
Nicholas Hamilton
43%
Randy Wolters
43%
Ryan McGowan
43%
Sofiane Moussa
43%
Thomas Konrad
43%
Zhiyi Fan
43%
Alberto Carranza
29%
Alex Baird
29%
Alex Robertson
29%
Arturo Rodríguez
29%
Arvid Schenk
29%
Aurtenetxe
29%
Dan Twardzik
29%
Davide Grassi
29%
David Witteveen
29%
Diego Pinada
29%
Dušan Vrťo
29%
Dylan Carreiro
29%
Fabrizio Ravanelli
29%
Faissal El Bahtaoui
29%
Frédéric Daquin
29%
Giorgos Efrem
29%
Ivano Bonetti
29%
Jani Šturm
29%
Jan Žemlík
29%
Jason Cummings
29%
Jonay Hernandez
29%
Juan Sara
29%
Julen Etxabeguren
29%
Julian Speroni
29%
Kelvin Jack
29%
Kévin Gomis
29%
Kusunga
29%
Lachlan Armstrong
29%
Lorent Tolaj
29%
Marcello Marrocco
29%
Marc Klok
29%
Marco De Marchi
29%
Mark Robertson
29%
Maroš Klimpl
29%
Mickaël Antoine-Curier
29%
Morten Wieghorst
29%
Mo Sylla
29%
Njazi Kuqi
29%
Osman Sow
29%
Patrizio Billio
29%
Pierre Reedy
29%
Seny Dieng
29%
Steven Caulkner
29%
Temur Ketsbaia
29%
Yordi Teijsse
29%
Zurab Khizanishvili
29%
Adrian Madaschi
14%
Alessandro Romano
14%
Alex Cerdeira
14%
Beto Naveda
14%
Carl Bertelsen
14%
Chris Coyne
14%
Christian Nadé
14%
Derick Osei Yaw
14%
Dominic Cervi
14%
Dragutin Ristić
14%
Éric Garcin
14%
François Dubourdeau
14%
Frank Van Eijs
14%
Gerardo Traverso
14%
Glen Atle Larsen
14%
Goran Zujovic
14%
Ivo Den Bieman
14%
Jacinto Elá
14%
Jack Johnson
14%
Jamie Garside
14%
Jérémy Malherbe
14%
Joel Kitamirike
14%
Jørgen Nielsen
14%
José Rey
14%
Khaled Kemas
14%
Lucas Gatti
14%
Ludovic Roy
14%
Luna
14%
Marco Roccati
14%
Marco Russo
14%
Massimo Beghetto
14%
Mauro Vargiu
14%
Milan Páleník
14%
Pascual Garrido
14%
Patrick Noubissie
14%
Piotr Czachowski
14%
Roberto Matute
14%
Sebastian Kneißl
14%
Stéphane Pounewatchy
14%
Torres
14%
Umberto Fatello
14%
Walter Del Río
14%
No matching quizzes found
Score Distribution
Percent of People with Each Score
Percentile by Number Answered
Your Score History
You have not taken this quiz